000 00574cam a22001937a 4500
999 _c127689
_d127689
001 449642
003 ARRUPE
005 20180320083135.0
008 820426|1981 ||| 000 0 fre
010 _a 82147468
020 _a2213011168 :
_c52.00F
040 _aDLC
_cDLC
_dDLC
050 0 0 _aPQ2662.O54 R4
100 1 _aBoissard, Janine.
_940737
245 1 0 _aRendez-vous avec mon fils :
_broman /
_cJanine Boissard.
260 _aParis :
_bFayard,
_cc1981.
300 _a221 p. ;
_c17 cm.
906 _a7
_bcbc
_corignew
_d5
_encip
_f19
_gy-gencatlg
942 _2lcc
_cMONOGRAPH